00423 2200169 4500001002100000005001500021008004100036020001800077035001900095041000700114082001200121090001200133100002400145245002900169260003900198300001600237INLIS00000000001139520241224114155241224||||||||| | ||| |||| || |  a979-8640-39-X 0010-1224011395 aid0 a658.401 a658.4010 aBambang Tri Cahyono00aModul manajemen strategi aJakartabBadan Penerbit IPWIc1996 a393hlm;26cm